1565 1770 1650 1933 1651 1825 1822 1069 1698 1894 1307 1210 1290 1408 1750 1195 1218 1889 1779 1235 1884 1002 1014 1716 1462 1210 1219 1751 1838 1638 1230 1902 1800 1317 1612 1008 1612 1201 1081 1340 1527 1313 1972 1257 1222 1396 1729 1902 1088 1108 1771 1195 1126 1010 1314 1752 1901 1588 1129 1682 1740 1804 1376 1999 1924 1165 1222 1077 1758 1556 1438 1913 1373 1211 1346 1854 1972 1555 1362 1812 1659 1982 1338 1229 1146 1167 1093 1924 1581 1969 1027 1012 1479 1346 1120 1128 1135 1661 1168 BCNSPRNW ULIB Ver.6.0+V

เปลี่ยนเป็นภาษาไทย

Change to English
 แสดงรายละเอียดบรรณานุกรม
  กลับหน้าหลัก

Brief Record : Get Marc (ISO 2709) : E-mail record : QR code < ปิดหน้าต่าง
LEADER : 00000nam 2200000uu 4500
001    13399111713
003     ULIB
008    110706s2551||||th 000 0 tha d
020    9789741096862
050 04 BQ5630.S16^bช678ส 2551
100 0  ชูฤทธิ์ เต็งไตรสรณ์
245 10 สมาธิบำบัด กำจัดได้ทุกโรค /^cชูฤทธิ์ เต็งไตรสรณ์
250    พิมพ์ครั้งที่ 1
260    ฉะเชิงเทรา :^bเอ เอ เปเปอร์ แอนด์ สเตชั่นเนอรี่,^c2551
300    137 หน้า ;^c21 ซม.
650  4 สมาธิ^xการใช้รักษา
650  4 จิตบำบัด
650  4 พฤติกรรมบำบัด
945    ^p180^l0^i025166
995    ทศพร
999 ^a ใช้งานได้ทุกระบบ
รายการนี้ยังไม่มีแท็ก
คุณยังไม่ได้ล็อกอิน คุณสามารถมีกิจกรรมร่วมกับเว็บไซต์ได้ แต่ต้องล็อกอินก่อน ::
  ล็อกอิน

รายการสื่อสารสนเทศ

ลำดับที่ ประเภท เลขเรียก/บาร์โค้ด สถานที่ สถานะ
- ไม่พบข้อมูล -

รายการใกล้เคียง
    หัวเรื่อง [จิตบำบัด]
    หัวเรื่อง [พฤติกรรมบำบัด]

BibComment


ยังไม่เคยถูกคอมเมนท์

คอมเมนท์ทรัพยากรรายการนี้
  คอมเมนท์: สมาธิบำบัด กำจัดไ..


 Copyright 2026. Bcnsprnw @Library